| 000 | 00547nam a22001817a 4500 | ||
|---|---|---|---|
| 005 | 20171208121446.0 | ||
| 010 | _aENG-121809 | ||
| 020 |
_a9789351950615 _c199.00 |
||
| 035 | _aEN-105341 | ||
| 037 | _bDBAD/PUB | ||
| 082 | _a921 | ||
| 100 | _aBhanver,Jagmohan S | ||
| 245 |
_aPichai the future of google / _cby Jagmohan S.Bhanver |
||
| 260 |
_aGurgaon _bHachette Book Publishing _c2016 |
||
| 270 |
_a4th/5th Floors,Corporate Centre, Sector 44 _bGurgaon _e122003 |
||
| 300 |
_a164p. _c20cm(pbk) |
||
| 942 |
_2ddc _cEN _h921 _mPIC |
||
| 999 |
_c147915 _d147915 |
||